| 000 | 01552nam a22003855a 4500 | ||
|---|---|---|---|
| 005 | 20170325143611.0 | ||
| 006 | m||||fq||h 00| 0 | ||
| 008 | 170325s2015 sp a fr 000 0 spa d | ||
| 020 | _a9788469807637 | ||
| 040 |
_aEG-ScBUE _beng _cEG-ScBUE |
||
| 082 | 0 | 4 |
_a468.24076 _bCAB _222 |
| 100 | 1 | _aCabrerizo Ruiz, Aránzazu. | |
| 245 | 1 | 0 |
_aNuevo sueña 2 : _bespañol lengua extranjera : libro del alumno / _cdirectora y coordinadora del proyecto Ángeles Álvarez Martínez, coordinadora del nivel medio Ana Blanco Canales ; autoras, Aránzazu Cabrerizo Ruiz, Luisa Gómez Sacristán, Ana Ruiz Martinez. |
| 246 | 3 | 3 |
_aNew Dream 2 : _bSpanish Foreign Language : student's book |
| 246 | 3 | 3 |
_aNuevo suena 2 : _bespanol lengua extranjera : libro del alumno |
| 250 | _a4a. edición | ||
| 250 | _a4th ed. | ||
| 260 |
_a[Madrid] : _bAnaya, _c2015. |
||
| 300 |
_a219 p. : _bill. (col.) ; _c29 cm + _e2 audio CDs. |
||
| 490 | 0 | _aAnaya ELE en | |
| 490 | 0 | _aNuevo Sueña | |
| 521 | 3 | _afor B1. | |
| 650 | 7 |
_aSpanish language _vTextbooks for foreign speakers. _2BUEsh |
|
| 650 | 7 |
_aSpanish language _vProblems, exercises, etc. _2BUEsh |
|
| 650 | 7 |
_aSpanish language _xSpoken Spanish _zSpain. _2BUEsh |
|
| 650 | 7 |
_aLengua española _vMétodos. _2BUEsh |
|
| 651 | _2BUEsh | ||
| 653 |
_bHHUUEENN _bGGEN _bEEENG _cMarch2017 |
||
| 655 |
_vReading book _934232 |
||
| 700 | 1 |
_aÁlvarez Martínez, Ángeles, _ecompiler. |
|
| 700 | 1 |
_aBlanco Canales, Ana, _ecompiler. |
|
| 700 | 1 | _aSacristán Gomez, Luisa. | |
| 700 | 1 | _aRuiz Martínez, Ana. | |
| 942 | _2ddc | ||
| 999 |
_c24529 _d24501 |
||